| 000 | 00433nam a2200181Ia 4500 | ||
|---|---|---|---|
| 001 | 7925 | ||
| 005 | 20260306160531.0 | ||
| 008 | 260306t2013||||xx |||||||||||||| ||spa|| | ||
| 041 | _aESP | ||
| 082 |
_a364 _bC261 |
||
| 100 |
_aCobo Martínez, Fernando _eAUT |
||
| 245 | 0 | _aConceptos básicos en criminología | |
| 260 | _c2013 | ||
| 300 |
_a128 páginas : _c23 cm. |
||
| 650 | _aGEN | ||
| 654 | _aCPS | ||
| 942 |
_cLIB _dJUS _fJUS _2ddc _n |
||
| 999 |
_c7925 _d7925 |
||